| 000 | 00540 a2200121 4500 | ||
|---|---|---|---|
| 001 | 82763 | ||
| 082 | _a629.13 AFZ | ||
| 090 |
_c39984 _d39984 |
||
| 100 | _aDr M Afzal Khan | ||
| 245 |
_aProceedings of International Conference on Power Generations System And Renewable Energy Technologies (PGSRET) Nov 29 to Dec 2, 2010 _bPower Generations System And Renewable Energy Technologies (PGSRET) _hMedium |
||
| 260 |
_a Islamabad, Pakistan _bFaculty of Engineering and Technology International Islamic University Islamabad |
||
| 300 | _axiv, 428P. | ||
| 942 |
_aCAENUST _k629.13 AFZ |
||
| 999 |
_c317836 _d317836 |
||